000 00362pam a2200133a 44500
008 230405s2010 xxu||||| |||| 00| 0 eng d
020 _a0071702911
_cRs. 1676
082 _a616.12
_bLOS
100 _aLoscalzo, Joseph
245 _aHarrison's Cardiovascular Medicine
260 _aNew York
_bMcGraw-Hill Professional
_c2010
300 _a628 p
906 _a000329
999 _c249063
_d249063